000 01294nam a2200313 i 4500
003 EG-GICUC
005 20260121101240.0
008 251118b1975 ua ||||f |||| 00| 0 ara d
040 _a EG-GICUC
_c EG-GICUC
_d EG-GICUC
_erda
_bara
041 _aara
082 0 4 _221
_a345.01
_bك م . ق
092 0 4 _221
099 _aLaw1 07 345.01 1975 ك م . ق
100 0 _aكمال نور الله
_eمؤلف.
245 _aالقرار الإداري :
_bدراسة تحليلية ذات أهداف تطبيقية لخدمة القادة الإداريين /
_cإعداد كمال نور الله..
264 _aالقاهرة :
_bجامعة الدول العربية-المنظمة العربية للعلوم الإدارية، مركز البحوث الإدارية،
_c1975.
300 _a67 صفحة ؛
_c24 سم.
336 _2rda content
_atext
337 _2rda media
_aComputer
338 _2rda carrier
_aOnline Resource
490 _v182
504 _aببليوجرافيا : صفحة 65.
546 _aالنص باللغة العربية
650 1 _aالقانون الإداري
_2qrmak
650 1 _aالإدارة
_2qrmak
_xإتخاذ القرار
856 4 0 _uhttps://fll.law.cu.edu.eg/fulltext/bks/B07-00112.pdf
905 _aWesam Mahmoud
942 _2ddc
_n0
_cBK
_e21
999 _c44275
_d44275